000 00434nam a2200169Ia 4500
008 090711s9999 xx 000 0 und d
082 _b42628
100 _aबंड श्याम
245 _aहंसणावळ
260 _c1980
300 _a116
600 _aबंड श्याम
630 _aहंसणावळ
700 _aबंड श्याम
730 _aहंसणावळ
942 _cBOOK
999 _c299061
_d299061